[Event "Budapest Art Pub Cup 3rd"]
[Site "Budapest"]
[Date "2014.01.02"]
[Round "1"]
[White "Revesz, Hunor"]
[Black "Frank, Jozsef"]
[Result "0-1"]
[WhiteElo "1320"]
[BlackElo "1996"]
[PlyCount "48"]
[EventDate "2014.01.02"]
[EventType "swiss"]
[EventRounds "7"]
[EventCountry "HUN"]
[SourceTitle "CBM 158 Extra"]
[Source "ChessBase"]
[SourceDate "2014.02.28"]
[SourceVersion "1"]
[SourceVersionDate "2014.02.28"]
[SourceQuality "1"]

1. e4 e6 2. d4 d5 3. Nd2 dxe4 4. Nxe4 Nf6 5. Bg5 Be7 6. Bd3 Nxe4 7. Bxe7 Nxf2 8. Bxd8 Nxd1 9. Bxc7 Nxb2 10. Bb5+ Bd7 11. Bxd7+ Kxd7 12. Bg3 Nc4 13. Rb1 b6 14. Rb3 Nc6 15. Nf3 f6 16. Rc3 b5 17. Kf2 Nd6 18. Rb1 Ne4+ 19. Ke3 Nxc3 20. Rb3 b4 21. a3 a5 22. Be1 Nd5+ 23. Kd3 a4 24. Rb2 Rab8 0-1

[Event "HUN-chT2 Erkel 1314"]
[Site "Hungary"]
[Date "2013.11.17"]
[Round "5.11"]
[White "Horvath, Ilona Klara"]
[Black "Frank, Jozsef"]
[Result "0-1"]
[WhiteElo "1930"]
[BlackElo "1953"]
[PlyCount "52"]
[EventDate "2013.09.08"]
[EventType "team-tourn"]
[EventRounds "11"]
[EventCountry "HUN"]
[SourceTitle "EXT 2016"]
[Source "ChessBase"]
[SourceDate "2015.10.08"]
[SourceVersion "1"]
[SourceVersionDate "2015.10.08"]
[SourceQuality "1"]
[WhiteTeam "Budapest MAFC"]
[BlackTeam "Dunaharaszti II"]
[WhiteTeamCountry "HUN"]
[BlackTeamCountry "HUN"]

1. e4 e6 2. f4 d5 3. e5 c5 4. c3 Nc6 5. d3 Nge7 6. Nf3 Nf5 7. g3 Be7 8. Bg2 b6 9. 0-0 Bb7 10. Na3 a6 11. Nc2 0-0 12. g4 Nh6 13. h3 Rb8 14. f5 exf5 15. g5 Ng4 16. hxg4 fxg4 17. Nh2 Bc8 18. Bf4 Bxg5 19. Bg3 h5 20. d4 h4 21. Be1 g3 22. Nf3 h3 23. Nxg5 Qxg5 24. Bxd5 g2 25. Rf3 h2+ 26. Kxh2 g1Q# 0-1

[Event "HUN-chT2 Erkel 1314"]
[Site "Hungary"]
[Date "2013.09.20"]
[Round "2.9"]
[White "Kustra, Pal"]
[Black "Frank, Jozsef"]
[Result "0-1"]
[WhiteElo "2055"]
[BlackElo "1953"]
[PlyCount "124"]
[EventDate "2013.09.08"]
[EventType "team-tourn"]
[EventRounds "11"]
[EventCountry "HUN"]
[SourceTitle "EXT 2016"]
[Source "ChessBase"]
[SourceDate "2015.10.08"]
[SourceVersion "1"]
[SourceVersionDate "2015.10.08"]
[SourceQuality "1"]
[WhiteTeam "Pestszentlorinc"]
[BlackTeam "Dunaharaszti II"]
[WhiteTeamCountry "HUN"]
[BlackTeamCountry "HUN"]

1. e4 e6 2. c4 d5 3. cxd5 exd5 4. exd5 Qxd5 5. Nc3 Qd8 6. Bc4 Nf6 7. Nf3 Bd6 8. 0-0 0-0 9. h3 Nc6 10. d4 h6 11. Be3 Bf5 12. Qd2 Na5 13. Be2 Nc6 14. a3 Re8 15. Bc4 Ne4 16. Qc1 Nxc3 17. bxc3 Bf8 18. a4 Ne7 19. Ne5 Nd5 20. Qb2 Rb8 21. Qb3 c6 22. a5 Be6 23. Bd2 Bd6 24. f4 Bxe5 25. fxe5 Nc7 26. Rf2 Bxc4 27. Qxc4 Qd5 28. Qe2 c5 29. Qg4 Qe6 30. Qg3 cxd4 31. cxd4 Qg6 32. Qf3 Re7 33. Bb4 Rd7 34. Bd6 Rbd8 35. Bxc7 Rxc7 36. Rd1 Qa6 37. d5 Qxa5 38. d6 Rcd7 39. Qf5 Qa4 40. Rd3 Qc4 41. Rg3 Qe6 42. Qh5 Re8 43. Rf5 g6 44. Rxf7 Kxf7 45. Qxh6 Rg8 46. Rf3+ Ke8 47. Qc1 Rd8 48. Qc7 Qd7 49. Qc4 Rf8 50. Rg3 Rc8 51. Qd5 Rc6 52. Rxg6 Qf5 53. Rg3 Qf1+ 54. Kh2 Qc4 55. Qd1 Qe6 56. Qh5+ Kd8 57. Rg6 Qf5 58. Qh4+ Kc8 59. Qe7 Qf4+ 60. Rg3 Rd8 61. Qe6+ Kb8 62. Qe7 Rg8 0-1

[Event "Mosonmagyarovar op 2nd"]
[Site "Mosonmagyarovar"]
[Date "2013.06.01"]
[Round "3"]
[White "Frank, Jozsef"]
[Black "Finszter, Mate"]
[Result "1/2-1/2"]
[WhiteElo "2134"]
[BlackElo "2128"]
[PlyCount "66"]
[EventDate "2013.05.31"]
[EventType "swiss"]
[EventRounds "7"]
[EventCountry "HUN"]
[SourceTitle "EXT 2014"]
[Source "ChessBase"]
[SourceDate "2013.11.20"]
[SourceVersion "1"]
[SourceVersionDate "2013.11.20"]
[SourceQuality "1"]

1. e4 c5 2. Nc3 Nc6 3. g3 g6 4. Bg2 Bg7 5. d3 d6 6. Be3 e6 7. Qd2 Rb8 8. Nge2 b5 9. h4 h5 10. 0-0 Nd4 11. Nd1 Ne7 12. c3 Nxe2+ 13. Qxe2 b4 14. e5 Bxe5 15. Bxc5 bxc3 16. bxc3 Qc7 17. Be3 Ba6 18. Rc1 Nf5 19. Re1 0-0 20. Bg5 Qb6 21. Be3 Nxe3 22. Nxe3 Bg7 23. Rc2 Rfc8 24. Nd1 Qa5 25. Qe3 Bb5 26. d4 Ba4 27. Rc1 Bxd1 28. Rexd1 Qxa2 29. Ra1 Qb2 30. Rxa7 Qxc3 31. Qf4 Rf8 32. Qxd6 Rbd8 33. Rd7 Rxd7 1/2-1/2

[Event "HUN-chT2 Charousek 1213"]
[Site "Hungary"]
[Date "2013.04.21"]
[Round "11"]
[White "Frank, Jozsef"]
[Black "Benedeczky, Lehel"]
[Result "1-0"]
[WhiteElo "2144"]
[BlackElo "1944"]
[PlyCount "58"]
[EventDate "2012.09.16"]
[EventType "team-tourn"]
[EventRounds "11"]
[EventCountry "HUN"]
[SourceTitle "EXT 2014"]
[Source "ChessBase"]
[SourceDate "2013.11.20"]
[SourceVersion "1"]
[SourceVersionDate "2013.11.20"]
[SourceQuality "1"]
[WhiteTeam "Gyor"]
[BlackTeam "Paks II"]
[WhiteTeamCountry "HUN"]
[BlackTeamCountry "HUN"]

1. e4 c6 2. d4 d5 3. exd5 cxd5 4. c4 Nf6 5. Nc3 Nc6 6. Nf3 e6 7. Bg5 Be7 8. c5 Ne4 9. Bxe7 Qxe7 10. Bb5 Nxc3 11. bxc3 0-0 12. 0-0 Qc7 13. Re1 b6 14. cxb6 axb6 15. Qd3 Ne7 16. Ng5 Nf5 17. Nxh7 Kxh7 18. g4 g6 19. gxf5 gxf5 20. Qh3+ Kg7 21. Kh1 Qf4 22. Re3 Ba6 23. Bxa6 Rxa6 24. Rae1 Rg8 25. Rf3 Qd2 26. Rg1+ Kf8 27. Rxg8+ Kxg8 28. Qg3+ Kh7 29. Rf4 Qe1+ 1-0